From hydrocarbons to petrochemicals (Record no. 38891)

MARC details
000 -LEADER
fixed length control field 00361nam a2200145Ia 4500
082 ## - DEWEY DECIMAL CLASSIFICATION NUMBER
Classification number 665.6
Item number HAT
100 ## - MAIN ENTRY--AUTHOR NAME
Personal name Hatch, Lewis F
245 #0 - TITLE STATEMENT
Title From hydrocarbons to petrochemicals
260 ## - PUBLICATION, DISTRIBUTION, ETC. (IMPRINT)
Place of publication London
Name of publisher Gulf
Year of publication 1981
650 ## - SUBJECT ADDED ENTRY--TOPICAL TERM
Topical Term Hydrocarbons
650 ## - SUBJECT ADDED ENTRY--TOPICAL TERM
Topical Term Petrochemicals
700 ## - ADDED ENTRY--PERSONAL NAME
Personal name Matar, Sami
942 ## - ADDED ENTRY ELEMENTS (KOHA)
Koha item type Books
Holdings
Withdrawn status Lost status Damaged status Not for loan Home library Current library Date acquired Cost, normal purchase price Full call number Accession Number Koha item type
        RRII Library RRII Library 16/12/2021 50.00 665.6 HAT 19242 Books